Koučing a mentoring uvoľňujú náš potenciál
Mentoring a koučing pre manažérov ako významý trend v ich osobnom a pracovnom raste. Hlavné rozdiely, techniky a nástroje vzdelávania. Najčastejšie zlozvyky slovenských manažérov vo vzdelávaní. Poradenstvo pre jednotlivcov.
Na minha lista:
| Formato: | Capítulo de Livro |
|---|---|
| Idioma: | eslovaco |
| Assuntos: | |
| Tags: |
Sem tags, seja o primeiro a adicionar uma tag!
|
MARC
| LEADER | 00000naa a2200000 4500 | ||
|---|---|---|---|
| 001 | 0249618 | ||
| 005 | 20220324130719.5 | ||
| 041 | 0 | |a slo | |
| 044 | |a SK | ||
| 245 | 1 | 0 | |a Koučing a mentoring uvoľňujú náš potenciál |
| 520 | |a Mentoring a koučing pre manažérov ako významý trend v ich osobnom a pracovnom raste. Hlavné rozdiely, techniky a nástroje vzdelávania. Najčastejšie zlozvyky slovenských manažérov vo vzdelávaní. Poradenstvo pre jednotlivcov. | ||
| 610 | 2 | 0 | |a koučovanie |
| 610 | 2 | 0 | |a mentoring |
| 610 | 2 | 0 | |a rozhodovanie manažérske |
| 610 | 2 | 0 | |a riadenie |
| 610 | 2 | 0 | |a manažéri |
| 610 | 2 | 0 | |a poradenstvo |
| 610 | 2 | 0 | |a výmena skúseností |